Marked : a house of night novel /
| Hoofdauteur: | |
|---|---|
| Andere auteurs: | |
| Formaat: | Boek |
| Taal: | English |
| Gepubliceerd in: |
New York :
St. Martin's Griffin ; Atom,
2007.
|
| Editie: | 1st ed. |
| Reeks: | The house of night ;
bk. 1 |
| Onderwerpen: | |
| Online toegang: | Contributor biographical information Publisher description Sample text |
| Classic Catalogue: | View this record in Classic Catalogue |
| LEADER | 01525nam a2200373 a 4500 | ||
|---|---|---|---|
| 001 | 28704 | ||
| 003 | BD-DhAAL | ||
| 005 | 20141222140541.0 | ||
| 008 | 141222s2007 nyu 000 1 eng | ||
| 010 | |a 2007006735 | ||
| 020 | |a 9781905654314 | ||
| 020 | |a 9780312360269 | ||
| 020 | |a 0312360266 | ||
| 040 | |a DLC |c DLC |d DLC |d BD-DhAAL | ||
| 050 | 0 | 0 | |a PS3603.A869 |b M37 2007 |
| 082 | 0 | 0 | |a 813/.6 |2 22 |
| 100 | 1 | |a Cast, P. C. |9 6951 | |
| 245 | 1 | 0 | |a Marked : |c P.C. Cast and Kristin Cast. |b a house of night novel / |
| 250 | |a 1st ed. | ||
| 260 | |a New York : |b St. Martin's Griffin ; |b Atom, |c 2007. | ||
| 300 | |a 348 p. ; |c 21 cm. | ||
| 490 | 0 | |a The house of night ; |v bk. 1 | |
| 541 | |e 28704 | ||
| 650 | 0 | |a Vampires |v Fiction. |9 6865 | |
| 650 | 0 | |a Redbird, Zoey (Fictitious character) |v Fiction. |9 6952 | |
| 655 | 7 | |a Fantasy fiction. |2 gsafd |9 6953 | |
| 655 | 7 | |a Occult fiction. |2 gsafd |9 6954 | |
| 700 | 1 | |a Cast, Kristin. |9 6955 | |
| 856 | 4 | 2 | |3 Contributor biographical information |u http://www.loc.gov/catdir/enhancements/fy0708/2007006735-b.html |
| 856 | 4 | 2 | |3 Publisher description |u http://www.loc.gov/catdir/enhancements/fy0708/2007006735-d.html |
| 856 | 4 | 1 | |3 Sample text |u http://www.loc.gov/catdir/enhancements/fy0727/2007006735-s.html |
| 942 | |2 ddc |c BK | ||
| 999 | |c 33339 |d 33339 | ||
| 952 | |0 0 |1 0 |2 ddc |4 0 |6 813_600000000000000_CAS |7 0 |9 44530 |a BRACUL |b BRACUL |c GEN |d 2014-12-22 |e BRAC Institute of Language (BIL) |l 11 |m 46 |o 813.6 CAS |p 3010028704 |r 2025-12-10 |s 2025-12-03 |t 1 |w 2014-12-22 |y BK |x Transferred from BIL to BRACUL on 06/06/22 | ||